| 000 | 00945 a2200157 4500 | ||
|---|---|---|---|
| 020 | _a0201741644 | ||
| 040 | _aDLC | ||
| 100 | 1 | _aGross, Phil. | |
| 245 | 1 | 0 |
_aMacromedia Director 8.5 : Shockwave studio for 3D : training from the source _bShockwave studio for 3D : training from the source / _cPhil Gross and Mike Gross. |
| 260 |
_aNew Delhi : _bTechmedia, _cc2002. |
||
| 300 |
_a784 p. : _bill. + _e1 CD-ROM (4 3/4 in.) |
||
| 538 | _aSystem requirements for accompanying CD-ROM: Intel Pentium II processor or Power Macintosh; Windows 95/98/2000, Windows NT 4 (with Service Pack 3 or later), or Windows Me, or Mac OS 8.5 or later or Mac OS X (Classic mode only); 64 MB or more of available RAM; 100 MB of available disk space; 256 color monitor capable of 800 x 600 resolution; DirectX 5.2 or OpenGL (recommended); 3D graphics accelerator (recommended). | ||
| 650 | 0 | _aMultimedia systems. | |
| 700 | 1 | _aGross, Mike. | |
| 942 |
_cBK _k006.786 GRO _2ddc |
||
| 999 |
_c7086 _d7086 |
||